L'ipotesi neocattolica : politologia dei movimenti anti-gender /

Salvato in:
Dettagli Bibliografici
Autore principale: Prearo, Massimo (Autore)
Natura: Libro
Lingua:italiano
Pubblicazione: Milano : Mimesis, Udine ; 2020
Serie:Mimesis. Quaderni di teoria critica della società ; 12
Soggetti:
Tags: Aggiungi Tag
Nessun Tag, puoi essere il primo ad aggiungerne!!

MARC

LEADER 00000nam a2200000 i 4500
001 IT\ICCU\PUV\1540118
003 ItRI
005 20260115232115.0
008 210407s2020 it |||||| ||||| |||||c
020 |a 9788857570167 
040 |b ita  |c importazione bologna sebina 
041 7 |a ita  |2 ISO-639-2 
082 |a 306.76601576855  |9 OMOSESSUALITA. Genetica ed evoluzione. Fattori sessuali  |2 23 
100 1 |a Prearo, Massimo  |0 IT\ICCU\BCTV\009416  |4 aut 
240 1 2 |a L'ipotesi neocattolica  |3 IT\ICCU\PUV\1203808  |9 Prearo, Massimo 
245 1 2 |a L'ipotesi neocattolica :  |b politologia dei movimenti anti-gender /  |c Massimo Prearo. 
260 |a Milano :  |b Udine ;  |a Mimesis,  |c 2020 
300 |a 317 p. :  |b ill. ;  |c 17 cm 
650 7 |a Discriminazioni sessuali  |x Italia  |2 nsbncf 
650 7 |a Identità sessuale  |x Concezione cattolica  |2 nsbncf 
650 7 |a Identità sessuale  |x Teorie  |2 nsbncf 
830 0 |a Mimesis. Quaderni di teoria critica della società ;  |v 12  |0 IT\ICCU\UBS\0007565 
942 |2 ddc  |c BK  |n 0 
952 |0 0  |1 0  |4 0  |6 DOC_305_300000000000000_PRE  |7 0  |9 20155  |a BO  |b BO  |d 2026-01-15  |i 19401  |l 0  |o DOC 305.3 PRE  |p BO19401  |r 2026-01-15 23:21:15  |w 2026-01-15  |x [Sebina 5] [1 v.]  |y BK  |z 1 v . 
999 |c 17186  |d 17186